000 00618nam a2200241Ia 4500
003 OSt
005 20221007065316.0
006 a|||||r|||| 00| 0
007 ta
008 221006b |||||||| |||| 00| 0 eng d
024 _a6,834
037 _cTextual
040 _aFLL
_cFLL
_beng
041 _2eng
_aeng
082 _a2:7, M2
100 _aKumar Krishan Au.
_9686835
245 0 _aReference service
260 _aDelhi
_bVikas pub. house ltd. India
_c1982
300 _a431p
_ccm.
650 _aLibrary science
942 _h2:7, M2
_cTEXL
_2CC
999 _c1136943
_d1136943